Diseases of temperate zone tree fruit and nut crops
Gorde:
| Egile Nagusiak: | , |
|---|---|
| Formatua: | Liburua |
| Hizkuntza: | ingelesa |
| Argitaratua: |
Oakland
University of California, Division of Agriculture and Natural Resources
1991
|
| Gaiak: | |
| Etiketak: |
Etiketa erantsi
Etiketarik gabe, Izan zaitez lehena erregistro honi etiketa jartzen!
|
MARC
| LEADER | 00000nam a2200000 a 4500 | ||
|---|---|---|---|
| 001 | UCX8509 | ||
| 003 | CL-VaPUC | ||
| 008 | 940407e19910000US |||||||||||||||||eng|d | ||
| 082 | 0 | 4 | |a 634.049 |b OGA |2 21 |
| 100 | |a Ogawa, Joseph M. |e author |9 402741 | ||
| 700 | 0 | |a English, Harley |e author |9 325644 | |
| 245 | 1 | 0 | |a Diseases of temperate zone tree fruit and nut crops |
| 300 | |a 461 p | ||
| 942 | |c BK | ||
| 945 | |d 19940407 00:00:00 |a mfernand | ||
| 260 | |a Oakland |b University of California, Division of Agriculture and Natural Resources |c 1991 | ||
| 650 | 0 | |a Frutas |9 259500 | |
| 650 | 0 | |a Árboles frutales |9 264297 | |
| 650 | 7 | |a ENFERMEDADES Y PLAGAS |2 CL-VaPUC |9 325645 | |
| 583 | |a last modification |c 20181001 12:29:33 |k Rodrigo Vera | ||
| 999 | |c 227987 |d 227985 | ||
| 952 | |0 0 |1 0 |4 0 |6 634_049000000000000_OGA_1991 |7 0 |8 A |9 227518 |a BIBAGR |b BIBAGR |d 2019-11-15 |i 2967618 |o 634.049 OGA 1991 |p 2967618 |r 2025-01-20 |w 2019-11-15 |y BK |k AGR | ||